000 01140nam a2200313Ia 4500
003 OSt
005 20221006160303.0
006 a|||||r|||| 00| 0
007 ta
008 221006b |||||||| |||| 00| 0 eng d
020 _a9780295975337
_c2279.00
024 _a44,834
037 _bGift, KCC (Window on Korea)
_cTextual
040 _aEASL
_cEASL
_beng
041 _2eng
_aeng
082 _aX5.495v, N1
100 _aEckert Carter J.
_9672803
245 0 _aOffspring of empire
_b The Koch'ang Kims and the colonial origins of Korean capitalism 1876-1945
260 _aLondon
_bUniversity of Washington Press
_c1991
300 _a406p.
_ccm.
490 _v KEL
_aKorean studies of the Henry M. Jackson School of International Studies
650 _a Capitalism - Korea - History
_9672804
650 _a Industry and state - Korea - History
_9672805
650 _a Kim family
_9672806
650 _a Korea - Dependency on Japan - History
_9672807
650 _aBusinessmen - Korea - History
_9672808
942 _hX5.495v, N1
_cTEXL
_2CC
999 _c1112926
_d1112926